Národnostní vývoj Československé republiky

Bibliographic Details
Main Author: Slaminka, Vladimír, 1902- (Author)
Format: Book
Language:Czech
PhysicalDescription:123 s. tab. 20 cm
Published: Vyškov Nakladatel F. Obzina 1938
Series:Obzinova edice
Subjects:

MARC

LEADER 00000nam a2200000 a 4500
001 vtls001285387
003 SK-MaSNL
005 20260301155338.0
008 240314s1938 xr a f 00000 cze
035 |a SNK000236905 
040 |a SNK  |b slo  |c SNK  |e AACR2 
041 0 |a cze 
043 |a e-cs--- 
044 |a xr  |c CZ 
072 7 |a 314  |x Demografia. Populácia  |2 konspekt 
080 |a 323.1  |2 2011 
080 |a 314:311  |2 2011 
080 |a 314.116  |2 2011 
080 |a 314.113:323.1  |2 2011 
080 |a 323.1:316.356.4  |2 2011 
080 |a (437)  |2 2011 
080 |a (048.8)  |2 2011 
100 1 |a Slaminka, Vladimír,  |d 1902-  |4 aut  |9 519467 
245 1 0 |a Národnostní vývoj Československé republiky  |c napsal Vladimír Slaminka 
260 |a Vyškov  |b Nakladatel F. Obzina  |c 1938 
300 |a 123 s.  |b tab.  |c 20 cm 
490 1 |a Obzinova edice  |v 55 
504 |a Bibliogr.; bibliogr. odkazy 
648 7 |a 1880-1936  |2 KURUK  |9 519468 
650 0 7 |a demografická štatistika  |2 SNKPH  |9 4674 
650 0 7 |a demografický vývoj  |2 SNKPH  |9 3826 
650 0 7 |a národnostná politika  |2 SNKPH  |9 4656 
650 0 7 |a národy  |2 SNKPH  |9 4720 
650 0 7 |a pôrodnosť  |2 SNKPH  |9 16603 
650 0 7 |a Vital statistics  |2 SNKPHeng  |9 266927 
650 0 7 |a Demographic transition  |2 SNKPHeng  |9 265579 
650 0 7 |a Nationality policy  |2 SNKPHeng  |9 266820 
650 0 7 |a Nations  |2 SNKPHeng  |9 286524 
650 0 7 |a Natality  |2 SNKPHeng  |9 364373 
651 7 |a Československo  |x národnostné pomery  |2 SNKPH  |9 293704 
651 7 |a Czechoslovakia  |x national circumstances  |2 SNKPHeng  |9 519469 
655 7 |a prehľady  |2 SNKPH  |9 70194 
655 7 |a Surveys  |2 SNKPHeng  |9 266058 
830 0 |a Obzinova edice  |9 519470 
958 |a CZ 
958 |a SP 
958 |a NB 
999 |c 800577  |d 802507 
952 |t P60, <04>, [BOOK], {604}  |a SNK  |b SNK  |y VYP  |7 0  |p 17A0064419  |o snkSD 21650 D1  |0 0  |1 0  |4 0  |d 1997-04-30  |l 0  |r 2005-01-02 00:00:00  |w 2026-02-24 
952 |a SNK  |b SNK  |y PREZ  |7 0  |p 17A0725776  |o snkSD 21650  |0 0  |1 0  |4 0  |d 2011-11-16  |l 0  |r 2025-12-05 00:00:00  |w 2026-02-24